Statistics for Famous People by Clue

Click here to take the quiz!

General Stats

  • This quiz has been taken 180 times
  • The average score is 12 of 25

Answer Stats

HintName% Correct
July 31, 1965UK; writer; created a world full of magiciansJ. K. Rowling
72%
March 14, 1879 – April 18, 1955Germany; physicist, bit crazy; "One Stone"Albert Einstein
71%
February 2, 1977singer; Colombia; belly dances a lotShakira
70%
March 28, 1986USA; singer; crazy outfits; blondeLady Gaga
69%
October 28, 1955USA; currently the richest person out thereBill Gates
68%
November 7, 1867 – July 4, 1934physicist; Polish; French husband; Nobel Prize; radioactivityMarie Curie
65%
February 20, 1988singer; Barbados; changes her haircut a lotRihanna
65%
October 17, 1972rapper; likes to diss his exes (Kim, Mariah), whiteEminem
61%
December 18, 1863 – June 28, 1914Austro-Hungary; his assassination in Sarajevo lead to World War I.Franz Ferdinand
61%
June 1, 1926 – August 5, 1962sex symbol; a big inspiration till now; 3 times divorced; had affairsMarilyn Monroe
61%
December 8, 1982rapper; wigs (blonde, pink, green, black,...); big buttNicki Minaj
60%
January 27, 1756 – December 5, 1791composer; Austria; ******kugel (his ball) is a confectionW. A. Mozart
50%
February 1, 1994UK; in a band; participated in The X Factor; tattoed; curlyHarry Styles
44%
September 5, 1638 – September 1, 1715reigned for the longest time EVER; his name was more than common for monarchs of the country at the time; "Sun King"Louis XIV
44%
January 15, 1981USA; rapper, "Mr. Worldwide"Pitbull
44%
July, 100 BC – March 15, 44 BChad 3 spouses and a lot of kids; in all probability was an Egyptian beauty admiror ;)Julius Caesar
41%
December 2, 1981USA; singer; performed as a judge in The X Factor; ******* BitchBritney Spears
36%
April 4, 1979 – January 22, 2008Australia; actor; died of drug intoxication; 1 daughterHeath Ledger
33%
June 28, 1491 – January 28, 1547excommunication from the Roman Catholic ChurchHenry VIII
33%
June 9, 1963actor, has 2 kids with a French singer, currently engagedJohnny Depp
31%
May 5, 1988UK; singer, son Angelo Konecki; 21Adele
24%
March 27, 1975; USAUSA; singer - solo as well as in a band; The Dutchess; hip hop/popFergie
22%
January 3m 1892 – September 2m 1973UK; writer; created Arda; C.S. Lewis' friendJ. R. R. Tolkien
19%
January 13, 1977UK; buddhist; actor; has a son with his exwife who is an Australian modelOrlando Bloom
11%
June 21, 1986USA; singer, had a drinking problem, three-word pseudonym; won 2 BRIT Awards even with a competition like Taylor SwiftLana Del Rey
5%

Score Distribution

Percentile by Number Answered

Percent of People with Each Score

Your Score History

You have not taken this quiz